Health/ Nursing Informatics and Technology for BSc Nursing Students (Record no. 367699)

MARC details
000 -LEADER
fixed length control field 00537nam a22001937a 4500
005 - DATE AND TIME OF LATEST TRANSACTION
control field 20250910131206.0
008 - FIXED-LENGTH DATA ELEMENTS--GENERAL INFORMATION
fixed length control field 250909b |||||||| |||| 00| 0 eng d
020 ## - INTERNATIONAL STANDARD BOOK NUMBER
International Standard Book Number 978-81-89966-45-6
041 ## - LANGUAGE CODE
Language code of text/sound track or separate title English
082 ## - DEWEY DECIMAL CLASSIFICATION NUMBER
Classification number C 004 CLE DB1435
100 ## - MAIN ENTRY--PERSONAL NAME
Author Clement I.
110 ## - MAIN ENTRY--CORPORATE NAME
Corporate name or jurisdiction name as entry element Subashini S. P.
245 ## - TITLE STATEMENT
Title Health/ Nursing Informatics and Technology for BSc Nursing Students
250 ## - EDITION STATEMENT
Edition statement 1st ed.
260 ## - PUBLICATION, DISTRIBUTION, ETC.
Name of publisher, distributor, etc. Frontline Publications
Date of publication, distribution, etc. 2025
Place of publication, distribution, etc. Hyderabad
300 ## - PHYSICAL DESCRIPTION
Extent 252p
365 ## - TRADE PRICE
Price amount Rs.450.00
942 ## - ADDED ENTRY ELEMENTS (KOHA)
Koha item type Donated Book
Holdings
Withdrawn status Lost status Source of classification or shelving scheme Damaged status Not for loan Home library Current library Date acquired Net Price Bill number Total Checkouts Full call number Barcode Date last seen Bill Date Koha item type Original Barcode
    Dewey Decimal Classification     Smt. Bakul Tambat Institute of Nursing Education Smt. Bakul Tambat Institute of Nursing Education 22/08/2025 450.00 IK#2025-26#666   C 004 CLE DB1435 BTIN-DB-1435 09/09/2025 22/08/2025 Donated Book DB1435